[Event "Championnat des Vétérans 13"]
[Site "AUBAGNE Salle Hélios"]
[Date "2022.05.05"]
[Round "1.1"]
[White "Hileyan, Michel"]
[Black "Marku, Demeter"]
[Result "1-0"]
[WhiteElo "1814"]
[BlackElo "1438"]
[PlyCount "43"]
[EventDate "2022.??.??"]
[WhiteTeam "Echiquier Marseillais 1872"]
[BlackTeam "La Farlède Toulon Echecs"]

1. d4 Nf6 2. Bf4 g6 3. Nc3 Bg7 4. Qd2 O-O 5. Bh6 d6 6. h4 e5 7. d5 c6 8. e4
cxd5 9. exd5 e4 10. Bxg7 Kxg7 11. O-O-O Nbd7 12. Be2 Ne5 13. h5 Nfg4 14. Rf1 f5
15. Nh3 Bd7 16. f3 e3 17. Qd4 Nf6 18. Qxe3 Nxh5 19. f4 Ng4 20. Bxg4 fxg4 21.
Ng5 Qa5 22. Qe7+ 1-0

[Event "Championnat des Vétérans 13"]
[Site "AUBAGNE Salle Hélios"]
[Date "2022.05.05"]
[Round "1.2"]
[White "Amoros, Jean"]
[Black "Madranges, Jean"]
[Result "0-1"]
[WhiteElo "1437"]
[BlackElo "1701"]
[PlyCount "58"]
[EventDate "2022.??.??"]
[WhiteTeam "Club d'Echecs de Meyreuil"]
[BlackTeam "Puy Ste Réparade"]

1. e4 c5 2. f4 d5 3. e5 Nc6 4. Nf3 Bg4 5. Be2 e6 6. O-O Nh6 7. c3 Be7 8. d4
Bxf3 9. Rxf3 cxd4 10. cxd4 Qb6 11. Kh1 O-O 12. Qg1 Qxd4 13. Be3 Qxb2 14. Nd2
Nf5 15. Rd1 Nxe3 16. Rxe3 Bc5 17. Bd3 Bxe3 18. Qxe3 Qb6 19. Qh3 g6 20. Nf3 Kg7
21. Ng5 Rh8 22. g4 h5 23. gxh5 Rxh5 24. Nxe6+ Kh8 25. Qg4 Nxe5 26. fxe5 Qxe6
27. Qf4 Kg7 28. Rg1 Rah8 29. Rg2 Qxe5 0-1

[Event "Championnat des Vétérans 13"]
[Site "AUBAGNE Salle Hélios"]
[Date "2022.05.05"]
[Round "1.3"]
[White "Battaglia, Gerard"]
[Black "Javos, Yves-Andre"]
[Result "1-0"]
[WhiteElo "1694"]
[BlackElo "1432"]
[PlyCount "67"]
[EventDate "2022.??.??"]
[WhiteTeam "Echiquier Marseillais 1872"]
[BlackTeam "Puy Ste Réparade"]

1. d4 d5 2. c4 c6 3. e3 Nf6 4. Nc3 a6 5. a4 Nbd7 6. Nf3 e6 7. b3 Be7 8. Bd3 O-O
9. O-O h6 10. Qc2 Qc7 11. Bb2 Rd8 12. Rac1 Nf8 13. e4 dxc4 14. bxc4 N6h7 15.
Ne2 c5 16. d5 f6 17. Rcd1 e5 18. h3 b6 19. Ng3 Ng6 20. Bc1 Bf8 21. Nf5 Bxf5 22.
exf5 Ne7 23. Rfe1 Qd7 24. g4 Qe8 25. Qb3 Rd6 26. Be3 g6 27. Nh4 gxf5 28. Bxf5
Ng5 29. Bxg5 fxg5 30. Be6+ Rxe6 31. dxe6 gxh4 32. Rd7 Nc6 33. Qd3 Rd8 34. Qh7#
1-0

[Event "Championnat des Vétérans 13"]
[Site "AUBAGNE Salle Hélios"]
[Date "2022.05.05"]
[Round "1.4"]
[White "Lassalle, Marc"]
[Black "Pierrugues, Laurent"]
[Result "0-1"]
[WhiteElo "1369"]
[BlackElo "1688"]
[PlyCount "54"]
[EventDate "2022.??.??"]
[WhiteTeam "L'Echiquier du Roy René"]
[BlackTeam "Echiquier Marseillais 1872"]

1. d4 Nf6 2. Bf4 d6 3. e3 g6 4. c4 Bg7 5. Nc3 O-O 6. Nf3 c5 7. d5 Qa5 8. Bd3
Bg4 9. h3 Bxf3 10. Qxf3 Nbd7 11. O-O Nh5 12. Bg3 Nxg3 13. fxg3 Ne5 14. Qe2 a6
15. Ne4 h6 16. h4 Rab8 17. Qc2 b5 18. Nd2 bxc4 19. Nxc4 Nxc4 20. Qxc4 Rxb2 21.
h5 Rb4 22. Qxa6 Qxa6 23. Bxa6 Bxa1 24. Rxa1 Ra8 25. Bd3 Ra3 26. Bc2 Rb2 27. Bb3
Rbxb3 0-1

[Event "Championnat des Vétérans 13"]
[Site "AUBAGNE Salle Hélios"]
[Date "2022.05.05"]
[Round "1.5"]
[White "Cescon, Moreno"]
[Black "Graells, Christian"]
[Result "1-0"]
[WhiteElo "1672"]
[BlackElo "1342"]
[PlyCount "87"]
[EventDate "2022.??.??"]
[WhiteTeam "Cassis Echecs"]
[BlackTeam "Club d'Echecs de Meyreuil"]

1. e4 e5 2. Nf3 Nc6 3. Bb5 a6 4. Ba4 b5 5. Bb3 h6 6. c3 Nf6 7. d3 Be7 8. O-O
O-O 9. Nh4 Na5 10. Ng6 Nxb3 11. Qxb3 Re8 12. Nxe5 Rf8 13. Be3 Bb7 14. Nf3 d6
15. Nbd2 c5 16. c4 b4 17. Qc2 Rc8 18. h3 Nd7 19. Nh2 f5 20. exf5 Rxf5 21. d4
Qf8 22. d5 Re8 23. Ng4 Bg5 24. Nf3 Bf4 25. Nh4 Rg5 26. Ng6 Qf7 27. Nxf4 Bc8 28.
Ne6 Rh5 29. Rae1 Ne5 30. Nxe5 Rxe5 31. f4 Rh5 32. f5 Qf6 33. Rf3 Qe5 34. Qf2
Qf6 35. Rf1 Re7 36. Qg3 Bd7 37. Qxd6 Rf7 38. Qxc5 Qxb2 39. Bd4 Qc2 40. g4 Rg5
41. Be3 Rf6 42. Bxg5 hxg5 43. Nxg5 Qd2 44. Ne4 1-0

[Event "Championnat des Vétérans 13"]
[Site "AUBAGNE Salle Hélios"]
[Date "2022.05.05"]
[Round "1.6"]
[White "Cotton, Paul"]
[Black "Maffone, Jean-Charles"]
[Result "0-1"]
[WhiteElo "1323"]
[BlackElo "1657"]
[PlyCount "80"]
[EventDate "2022.??.??"]
[WhiteTeam "Cercle d'Echecs Aubagnais"]
[BlackTeam "Cercle d'Echecs Aubagnais"]

1. c4 Nf6 2. Nf3 c5 3. Nc3 Nc6 4. d3 d5 5. cxd5 Nxd5 6. g3 e5 7. Bg2 Nf6 8. O-O
Be7 9. a3 O-O 10. Bd2 h6 11. Rc1 Be6 12. Na4 Nd7 13. b3 Rc8 14. Nb2 b5 15. Be3
a6 16. Nd2 Nd4 17. Bxd4 exd4 18. Bb7 Rb8 19. Bc6 Ne5 20. Bg2 Bd5 21. Ne4 Rc8
22. f4 Ng4 23. Qd2 Ne3 24. Rf2 Nxg2 25. Rxg2 f5 26. Nf2 Bxg2 27. Kxg2 Qd5+ 28.
Kg1 Qxb3 29. Ra1 Rfd8 30. a4 c4 31. dxc4 bxc4 32. Qc1 Ba3 33. Rxa3 Qxa3 34. Qc2
Qa2 35. Nfd1 c3 36. Qxf5 cxb2 37. Nxb2 Qxb2 38. Qe6+ Kh8 39. Qxa6 d3 40. exd3
Rc1# 0-1

[Event "Championnat des Vétérans 13"]
[Site "AUBAGNE Salle Hélios"]
[Date "2022.05.05"]
[Round "1.7"]
[White "Deregnaucourt, Yves"]
[Black "Roux, Jean-Marie"]
[Result "1-0"]
[WhiteElo "1651"]
[BlackElo "1272"]
[PlyCount "88"]
[EventDate "2022.??.??"]
[WhiteTeam "Cercle d'Echecs Aubagnais"]
[BlackTeam "L'Echiquier du Roy René"]

1. e4 e5 2. Nf3 Nc6 3. Bc4 Be7 4. d4 exd4 5. Nxd4 Nf6 6. Nc3 O-O 7. O-O d6 8.
h3 Nxd4 9. Qxd4 Be6 10. Be3 c5 11. Qd3 Bxc4 12. Qxc4 a6 13. Rad1 b5 14. Qd3 c4
15. Qd4 Qd7 16. e5 Ne8 17. Nd5 Bd8 18. Qe4 Rb8 19. Bf4 Qe6 20. Rfe1 dxe5 21.
Bxe5 Rc8 22. Nf4 Qh6 23. Qb7 Qc6 24. Qxc6 Rxc6 25. Rxd8 g6 26. Bc3 Nd6 27.
Rxf8+ Kxf8 28. Bb4 Kg7 29. g4 Nc8 30. Nd5 Na7 31. Bc3+ Kh6 32. Re7 Nc8 33. Rc7
Rd6 34. Ne3 Rd8 35. Rxf7 Nd6 36. Ra7 Ne4 37. Bg7+ Kg5 38. Be5 Nd2 39. f4+ Kh4
40. Kg2 h6 41. Bf6+ g5 42. Bxd8 Ne4 43. Rh7 Ng3 44. Rxh6+ Nh5 1-0

[Event "Championnat des Vétérans 13"]
[Site "AUBAGNE Salle Hélios"]
[Date "2022.05.05"]
[Round "1.8"]
[White "Pietrac, Christian"]
[Black "Roger, Patrick"]
[Result "0-1"]
[WhiteElo "1210"]
[BlackElo "1581"]
[PlyCount "84"]
[EventDate "2022.??.??"]
[WhiteTeam "Club d'Echecs de Miramas"]
[BlackTeam "Echiquier Marseillais 1872"]

1. Nf3 d5 2. d4 Nf6 3. g3 Bf5 4. Bg2 e6 5. O-O h6 6. Nbd2 c5 7. c3 Nbd7 8. Qa4
Bd6 9. dxc5 Bxc5 10. Ne5 O-O 11. Nxd7 Nxd7 12. b4 Be7 13. Re1 g6 14. e4 dxe4
15. Nxe4 Nb6 16. Qb3 Rc8 17. Rd1 Qc7 18. Bf4 e5 19. Be3 Nc4 20. Bc5 Bxe4 21.
Qxc4 Bxg2 22. Kxg2 b6 23. Qd5 bxc5 24. Qd7 cxb4 25. cxb4 Bxb4 26. Qxc7 Rxc7 27.
Rac1 Rxc1 28. Rxc1 Rd8 29. a4 a5 30. Rc6 Kf8 31. h4 Ke7 32. Rc7+ Rd7 33. Rc6
Rd6 34. Rc4 f5 35. Rc7+ Kf6 36. Rc8 e4 37. Rf8+ Ke5 38. Re8+ Kd5 39. f3 exf3+
40. Kxf3 Kc4 41. Kf4 Rd5 42. Re3 Bd2 0-1

[Event "Championnat des Vétérans 13"]
[Site "AUBAGNE Salle Hélios"]
[Date "2022.05.05"]
[Round "1.9"]
[White "Gomez, Guy"]
[Black "Belaid, Myriam"]
[Result "1-0"]
[WhiteElo "1519"]
[BlackElo "1199"]
[PlyCount "63"]
[EventDate "2022.??.??"]
[WhiteTeam "Cercle d'Echecs Aubagnais"]
[BlackTeam "Cercle d'Echecs Aubagnais"]

1. e4 d6 2. d4 Nf6 3. Nc3 c6 4. Bd3 Nbd7 5. Nf3 Qc7 6. h3 b5 7. Bf4 e5 8. dxe5
dxe5 9. Be3 Bb4 10. Qd2 h6 11. a3 Be7 12. b4 O-O 13. Ne2 Bb7 14. Ng3 a6 15. Nf5
Bd8 16. Nxh6+ Kh7 17. Ng5+ Kg6 18. Nf5 Nh7 19. Nh4+ Kh6 20. Ne6+ g5 21. Nxc7
Bxc7 22. Nf3 Kg6 23. Nxg5 c5 24. Nxh7 Kxh7 25. Qe2 Nf6 26. Bg5 Kg7 27. Bxf6+
Kxf6 28. O-O-O cxb4 29. axb4 Bd8 30. Qf3+ Ke6 31. Qf5+ Kd6 32. Bxb5+ 1-0

[Event "Championnat des Vétérans 13"]
[Site "AUBAGNE Salle Hélios"]
[Date "2022.05.05"]
[Round "1.10"]
[White "Fousson, Jean-Louis"]
[Black "Blanc, Michel"]
[Result "0-1"]
[WhiteElo "1199"]
[BlackElo "1515"]
[PlyCount "53"]
[EventDate "2022.??.??"]
[WhiteTeam "L'Echiquier du Roy René"]
[BlackTeam "Cercle d'Echecs Aubagnais"]

1. Nf3 d5 2. c4 c6 3. d4 Nf6 4. Nc3 e6 5. Bg5 Be7 6. e3 a6 7. c5 Nbd7 8. Bd3 b6
9. b4 b5 10. O-O O-O 11. e4 Nxe4 12. Nxe4 dxe4 13. Bxe4 Bxg5 14. Nxg5 Qxg5 15.
Bxc6 Rb8 16. Be4 Nf6 17. Bd3 Bb7 18. f3 Nd5 19. Rf2 Nxb4 20. Qb3 Nxd3 21. Qxd3
Bd5 22. a4 Bc4 23. Qc2 Rfd8 24. Rd2 Qd5 25. axb5 axb5 26. c6 Rbc8 27. Qe4 0-1

[Event "Championnat des Vétérans 13"]
[Site "AUBAGNE Salle Hélios"]
[Date "2022.05.05"]
[Round "1.11"]
[White "Bacon, Bruno"]
[Black "Pavy, Gildas"]
[Result "1-0"]
[WhiteElo "1466"]
[BlackElo "1199"]
[PlyCount "65"]
[EventDate "2022.??.??"]
[WhiteTeam "Echiquier de Plouaret/Vieux Marche/Tregrom"]
[BlackTeam "L'Echiquier du Roy René"]

1. e4 e5 2. Nf3 Nc6 3. Bc4 Nf6 4. d3 Bc5 5. O-O O-O 6. c3 d6 7. h3 a6 8. a4 h6
9. b4 Ba7 10. Be3 Nb8 11. Nbd2 Re8 12. Qb3 Be6 13. Bxe6 Rxe6 14. Qc2 Nbd7 15.
Bxa7 Rxa7 16. d4 c5 17. d5 Re7 18. Nc4 Qc7 19. Rfc1 b5 20. axb5 axb5 21. Ne3 c4
22. Nf5 Re8 23. Qe2 Kh7 24. g4 g6 25. Ng3 g5 26. Nf5 Ng8 27. Qe3 Rb7 28. Nxg5+
Kg6 29. Nf3 Nf8 30. g5 h5 31. N3h4+ Kh7 32. Qf3 Ng6 33. Qxh5+ 1-0

[Event "Championnat des Vétérans 13"]
[Site "AUBAGNE Salle Hélios"]
[Date "2022.05.05"]
[Round "1.12"]
[White "Salvi, Angele"]
[Black "Derien, Robert"]
[Result "0-1"]
[WhiteElo "1199"]
[BlackElo "1460"]
[PlyCount "64"]
[EventDate "2022.??.??"]
[WhiteTeam "La Ciotat Echecs (LCE)"]
[BlackTeam "Puy Ste Réparade"]

1. e4 d5 2. exd5 Nf6 3. c4 e5 4. d3 Be7 5. Nf3 O-O 6. Be2 Bg4 7. Nxe5 Bxe2 8.
Qxe2 Bb4+ 9. Bd2 Bd6 10. O-O Re8 11. f4 Bc5+ 12. Kh1 Nfd7 13. Qh5 g6 14. Qg5
Qxg5 15. fxg5 Nxe5 16. Re1 Nbd7 17. Nc3 Nxd3 18. Rxe8+ Rxe8 19. Na4 Bd4 20. h4
b6 21. Kh2 Be5+ 22. g3 Bd4 23. Bc3 Re2+ 24. Kh3 Nf2+ 25. Kg2 Ne4+ 26. Kf3 Nxc3
27. Nxc3 Rf2+ 28. Ke4 Bxc3 29. bxc3 Nc5+ 30. Ke3 Rc2 31. Kd4 Re2 32. d6 c6 0-1

[Event "Championnat des Vétérans 13"]
[Site "AUBAGNE Salle Hélios"]
[Date "2022.05.05"]
[Round "1.13"]
[White "Guisset, Andre"]
[Black "Pouliquen, Gilbert"]
[Result "1-0"]
[WhiteElo "1449"]
[BlackElo "1196"]
[PlyCount "75"]
[EventDate "2022.??.??"]
[WhiteTeam "Club d'Echecs de Meyreuil"]
[BlackTeam "Echiquier Marseillais 1872"]

1. Nf3 d5 2. e3 c5 3. d4 e6 4. dxc5 Bxc5 5. c4 Ne7 6. Nc3 O-O 7. Be2 Nbc6 8.
O-O d4 9. exd4 Nxd4 10. Nxd4 Qxd4 11. Qxd4 Bxd4 12. Nb5 Bb6 13. Rd1 a6 14. Nd6
Rd8 15. Bf4 Nc6 16. Nxc8 Raxc8 17. Be3 Bxe3 18. fxe3 Kf8 19. Rxd8+ Rxd8 20. Rd1
Ke7 21. Rxd8 Kxd8 22. Kf2 Ke7 23. a3 a5 24. Kf3 Kd6 25. Ke4 f5+ 26. Kf4 h6 27.
h4 Ne7 28. h5 e5+ 29. Kf3 g5 30. hxg6 Nxg6 31. b4 e4+ 32. Kg3 b6 33. Kh3 f4 34.
Kg4 fxe3 35. g3 Ne5+ 36. Kf4 Ng6+ 37. Kxe4 Ne5 38. Kxe3 1-0

[Event "Championnat des Vétérans 13"]
[Site "AUBAGNE Salle Hélios"]
[Date "2022.05.05"]
[Round "1.14"]
[White "Celan, Stanislas"]
[Black "Perdiolat, Francis"]
[Result "0-1"]
[WhiteElo "1152"]
[BlackElo "1439"]
[PlyCount "62"]
[EventDate "2022.??.??"]
[WhiteTeam "Sanary Echecs"]
[BlackTeam "Puy Ste Réparade"]

1. d4 Nf6 2. c4 g6 3. Nc3 Bg7 4. Nf3 O-O 5. e3 d6 6. Be2 Nbd7 7. O-O e5 8. dxe5
dxe5 9. Qc2 Qe7 10. Rb1 Nc5 11. Nd2 Be6 12. b3 Nfd7 13. e4 f5 14. Bb2 f4 15.
Nd5 Qd6 16. Rbd1 c6 17. Nc3 Qe7 18. b4 Na6 19. a3 Qg5 20. Nf3 Qe7 21. b5 cxb5
22. cxb5 Nac5 23. Rc1 g5 24. Nd2 Nb6 25. Qd1 Rad8 26. Qe1 g4 27. f3 g3 28. hxg3
fxg3 29. Qxg3 Rxd2 30. Rb1 Nba4 31. Bd1 Nxb2 0-1

[Event "Championnat des Vétérans 13"]
[Site "AUBAGNE Salle Hélios"]
[Date "2022.05.05"]
[Round "2.1"]
[White "Roger, Patrick"]
[Black "Hileyan, Michel"]
[Result "1-0"]
[WhiteElo "1581"]
[BlackElo "1814"]
[PlyCount "105"]
[EventDate "2022.??.??"]
[WhiteTeam "Echiquier Marseillais 1872"]
[BlackTeam "Echiquier Marseillais 1872"]

1. e4 d5 2. exd5 Nf6 3. Nf3 Bg4 4. Be2 Qxd5 5. Nc3 Qh5 6. d4 Nc6 7. Bf4 O-O-O
8. Qd2 e5 9. Bxe5 Bb4 10. Bxf6 gxf6 11. Qf4 Rhe8 12. Kf1 Bd6 13. Qxf6 Re6 14.
Qh4 Qxh4 15. Nxh4 Bxe2+ 16. Nxe2 Rde8 17. Nc3 Nxd4 18. g3 Nxc2 19. Rc1 Nd4 20.
Kg2 Ne2 21. Rc2 Nd4 22. Rcc1 b5 23. Rhd1 Ne2 24. Nxe2 Rxe2 25. Rxd6 Rxb2 26.
Rdc6 Ree2 27. Rxc7+ Kb8 28. Rxf7 Rxa2 29. Rd1 Kc8 30. Rd5 b4 31. Rf3 a5 32. Nf5
a4 33. Nd4 Red2 34. Rc5+ Kd7 35. Rd5+ Kc8 36. Rf8+ Kb7 37. Rb5+ Kc7 38. Rxb4
Kd6 39. Nb5+ Kc5 40. Rb1 Rab2 41. Rf5+ Kb4 42. Ra1 Ra2 43. Rxa2 Rxa2 44. Kh3
Rc2 45. Nd4 Rd2 46. Nc6+ Kb3 47. Rf3+ Kb2 48. Na5 Rd4 49. Nc6 Re4 50. Rd3 a3
51. Rd2+ Kb1 52. Nd4 a2 53. Nb3 1-0

[Event "Championnat des Vétérans 13"]
[Site "AUBAGNE Salle Hélios"]
[Date "2022.05.05"]
[Round "2.3"]
[White "Blanc, Michel"]
[Black "Battaglia, Gerard"]
[Result "0-1"]
[WhiteElo "1515"]
[BlackElo "1694"]
[PlyCount "78"]
[EventDate "2022.??.??"]
[WhiteTeam "Cercle d'Echecs Aubagnais"]
[BlackTeam "Echiquier Marseillais 1872"]

1. d4 Nf6 2. Nf3 e6 3. Bf4 d5 4. e3 Nbd7 5. Bd3 c5 6. c3 Be7 7. Nbd2 O-O 8. O-O
Nh5 9. Be5 Nxe5 10. Nxe5 g6 11. Be2 Ng7 12. a3 cxd4 13. cxd4 f5 14. f4 Bd7 15.
Ndf3 Bf6 16. Qb3 Rb8 17. Bb5 Bxb5 18. Qxb5 Qe8 19. Qd7 Qd8 20. Rac1 Qb6 21. b4
Rbd8 22. Qa4 Rfe8 23. Nd7 Rxd7 24. Qxd7 h6 25. Ne5 Re7 26. Qc8+ Re8 27. Qd7
Bxe5 28. fxe5 Qa6 29. Rc3 Rf8 30. Rfc1 Qe2 31. Qa4 f4 32. Qd1 Qa6 33. exf4 Rxf4
34. Rf3 Rxf3 35. Qxf3 Nf5 36. a4 Ng7 37. Rc8+ Kh7 38. Rh8+ Kxh8 39. Qf4 Kh7 0-1

[Event "Championnat des Vétérans 13"]
[Site "AUBAGNE Salle Hélios"]
[Date "2022.05.05"]
[Round "2.4"]
[White "Pierrugues, Laurent"]
[Black "Bacon, Bruno"]
[Result "1/2-1/2"]
[WhiteElo "1688"]
[BlackElo "1466"]
[PlyCount "132"]
[EventDate "2022.??.??"]
[WhiteTeam "Echiquier Marseillais 1872"]
[BlackTeam "Echiquier de Plouaret/Vieux Marche/Tregrom"]

1. e4 c5 2. Nf3 e6 3. d4 cxd4 4. Nxd4 a6 5. Bd3 Qc7 6. O-O Nf6 7. Nc3 Bb4 8.
Bd2 Bc5 9. Nb3 Be7 10. Qe2 Nc6 11. Rad1 d6 12. f4 Bd7 13. Qf3 Nb4 14. Rc1 Nxd3
15. cxd3 Bc6 16. Be3 Nd7 17. Nd5 Qd8 18. Nxe7 Qxe7 19. Rfe1 f5 20. Nd4 fxe4 21.
dxe4 Rc8 22. Nxc6 bxc6 23. Qe2 Nb8 24. e5 d5 25. Bc5 Qb7 26. Qg4 Qf7 27. Rf1 g6
28. Bd6 Nd7 29. Rf3 c5 30. Ra3 Rc6 31. g3 c4 32. b3 c3 33. Qe2 Nc5 34. Rxc3 Qa7
35. Kg2 Kd7 36. Bxc5 Rxc5 37. Rxc5 Qxc5 38. Rxa6 Rc8 39. Rd6+ Ke7 40. Qg4 Qc2+
41. Kh3 Qf5 42. Qxf5 gxf5 43. a4 Rb8 44. Ra6 Rxb3 45. Ra7+ Kf8 46. Rxh7 Ra3 47.
Kg2 Rxa4 48. h4 Ke8 49. Kf2 d4 50. Rg7 Kf8 51. Rd7 Ke8 52. Rd6 Ke7 53. Ke2 Ra2+
54. Kf3 Ra4 55. h5 Ra3+ 56. Kf2 Ra2+ 57. Kf3 Ra3+ 58. Kg2 Ra2+ 59. Kh3 Ra1 60.
Kh4 Rd1 61. h6 d3 62. Kg5 d2 63. h7 Rh1 64. Kg6 Rh3 65. Rxd2 Rxg3+ 66. Kh6 Rh3+
1/2-1/2

[Event "Championnat des Vétérans 13"]
[Site "AUBAGNE Salle Hélios"]
[Date "2022.05.05"]
[Round "2.5"]
[White "Derien, Robert"]
[Black "Cescon, Moreno"]
[Result "0-1"]
[WhiteElo "1460"]
[BlackElo "1672"]
[PlyCount "100"]
[EventDate "2022.??.??"]
[WhiteTeam "Puy Ste Réparade"]
[BlackTeam "Cassis Echecs"]

1. e4 e5 2. Nc3 d6 3. Bc4 Be7 4. Nf3 Nc6 5. Nd5 Bg4 6. c3 Nf6 7. Nxe7 Qxe7 8.
Qb3 O-O 9. h3 Na5 10. Qb5 Bxf3 11. gxf3 Nxc4 12. Qxc4 c6 13. d3 d5 14. exd5
cxd5 15. Qh4 e4 16. d4 exf3+ 17. Be3 Qe4 18. Qxe4 Nxe4 19. Rg1 f5 20. Bf4 Rf7
21. h4 Re8 22. Be5 Nd6 23. O-O-O Ne4 24. Rd3 Nxf2 25. Rxf3 Ng4 26. Re1 g6 27.
Kd2 Rfe7 28. h5 Nxe5 29. dxe5 Rxe5 30. Rxe5 Rxe5 31. hxg6 hxg6 32. Rf4 Kf7 33.
a4 g5 34. Rb4 Re7 35. a5 g4 36. Rb5 Ke6 37. Ke3 Rc7 38. Kf4 Kd6 39. a6 b6 40.
Rb3 Rc4+ 41. Kg3 Ra4 42. c4 Rxc4 43. Re3 Re4 44. Rc3 Rb4 45. b3 d4 46. Rc8
Rxb3+ 47. Kf4 Rf3+ 48. Kg5 d3 49. Rg8 Kc5 50. Kh4 Rf4 0-1

[Event "Championnat des Vétérans 13"]
[Site "AUBAGNE Salle Hélios"]
[Date "2022.05.05"]
[Round "2.6"]
[White "Maffone, Jean-Charles"]
[Black "Guisset, Andre"]
[Result "0-1"]
[WhiteElo "1657"]
[BlackElo "1449"]
[PlyCount "122"]
[EventDate "2022.??.??"]
[WhiteTeam "Cercle d'Echecs Aubagnais"]
[BlackTeam "Club d'Echecs de Meyreuil"]

1. d4 Nf6 2. c4 e6 3. Nc3 Bb4 4. Qc2 O-O 5. a3 Bxc3+ 6. bxc3 b6 7. Bg5 Bb7 8.
f3 d5 9. e3 Nbd7 10. Bd3 dxc4 11. Bxc4 h6 12. Bh4 Qc8 13. Ne2 Ba6 14. Bxa6 Qxa6
15. O-O Qc4 16. e4 c5 17. Bf2 cxd4 18. Nxd4 Rac8 19. Rac1 Ne5 20. Rfd1 Nfd7 21.
Qe2 Qxe2 22. Nxe2 Nc5 23. Bd4 Ned3 24. Rc2 e5 25. Bxc5 Nxc5 26. Rd5 f6 27. Kf2
Kf7 28. Rcd2 Ke7 29. Ke3 Rfd8 30. g3 Ne6 31. f4 exf4+ 32. gxf4 Nc7 33. Rxd8
Rxd8 34. Rxd8 Kxd8 35. Nd4 Kd7 36. c4 g5 37. e5 fxe5 38. fxe5 Ne6 39. Nf5 h5
40. Nd6 Nc5 41. Nf7 Ke6 42. Nxg5+ Kxe5 43. Nf3+ Kf5 44. Nd4+ Kg4 45. Nc6 a6 46.
Ne5+ Kh3 47. Nf3 Na4 48. Kf2 Nb2 49. Ne5 Kxh2 50. Kf3 h4 51. Kg4 h3 52. Kf3 Kg1
53. Kg3 h2 54. Nf3+ Kf1 55. Nxh2+ Ke2 56. Kf4 Kd3 57. Ke5 Nxc4+ 58. Kd5 Nxa3
59. Nf3 Kc3 60. Nd4 Nc2 61. Nc6 Nb4+ 0-1

[Event "Championnat des Vétérans 13"]
[Site "AUBAGNE Salle Hélios"]
[Date "2022.05.05"]
[Round "2.8"]
[White "Perdiolat, Francis"]
[Black "Morata, Serge"]
[Result "0-1"]
[WhiteElo "1439"]
[BlackElo "1278"]
[PlyCount "76"]
[EventDate "2022.??.??"]
[WhiteTeam "Puy Ste Réparade"]
[BlackTeam "Cercle d'Echecs Aubagnais"]

1. e4 c5 2. Nc3 e5 3. Nf3 Nc6 4. Bc4 d6 5. h3 Nf6 6. d3 Na5 7. Bb5+ Bd7 8.
Bxd7+ Qxd7 9. O-O h6 10. Bd2 Nc6 11. Ne2 O-O-O 12. Bc3 g5 13. Nh2 g4 14. Nf4
Nd4 15. Bxd4 cxd4 16. Nd5 Nxd5 17. exd5 gxh3 18. g3 h5 19. c4 f5 20. f4 Qg7 21.
Rf3 h4 22. Kf2 e4 23. dxe4 fxe4 24. Ra3 Re8 25. g4 e3+ 26. Ke2 Re4 27. Kf3 Qe7
28. Qd3 Rxf4+ 29. Kxf4 Qe5+ 30. Kf3 Qxh2 31. Qf5+ Kb8 32. Qd7 Qg2+ 33. Kf4 Bh6+
34. Kf5 Qf3+ 35. Kg6 Qf4 36. Rb3 Qg5+ 37. Kf7 Rf8+ 38. Ke6 Qe5# 0-1

[Event "Championnat des Vétérans 13"]
[Site "AUBAGNE Salle Hélios"]
[Date "2022.05.05"]
[Round "2.9"]
[White "Marku, Demeter"]
[Black "Pietrac, Christian"]
[Result "1-0"]
[WhiteElo "1438"]
[BlackElo "1210"]
[PlyCount "149"]
[EventDate "2022.??.??"]
[WhiteTeam "La Farlède Toulon Echecs"]
[BlackTeam "Club d'Echecs de Miramas"]

1. d4 Nf6 2. c4 g6 3. Nc3 Bg7 4. e4 d6 5. Bd3 O-O 6. Nf3 Nbd7 7. O-O c5 8. d5
Nb6 9. h3 e6 10. Bg5 exd5 11. cxd5 h6 12. Bh4 g5 13. Bg3 Nh5 14. Bh2 Nf4 15.
Bc2 a6 16. Qd2 Nc4 17. Qc1 Bxc3 18. bxc3 Ne2+ 19. Kh1 Nxc1 20. Raxc1 Qf6 21.
Bb3 Ne5 22. Ne1 c4 23. Bc2 b5 24. f4 Nd3 25. Nxd3 cxd3 26. Bxd3 Qg6 27. f5 Qf6
28. Bg1 Qd8 29. Bd4 f6 30. Rf3 Bd7 31. Rg3 Qa5 32. Rc2 b4 33. c4 Ba4 34. Rb2
Rab8 35. h4 b3 36. hxg5 Qe1+ 37. Kh2 hxg5 38. Re2 Qd1 39. axb3 Qxd3 40. Rxd3
Bxb3 41. Rc3 Kg7 42. Rb2 Rh8+ 43. Kg3 Bd1 44. Rd2 Rb1 45. c5 Rh4 46. cxd6 Rg4+
47. Kh2 Rh4+ 48. Rh3 Ba4 49. Rxh4 gxh4 50. Bf2 Rb4 51. Rd4 a5 52. Kh3 Bd7 53.
Kxh4 Rb2 54. Kg3 Rb3+ 55. Kf4 Rb2 56. Ke3 a4 57. Rd3 Rb3 58. Be1 Bb5 59. Rxb3
axb3 60. Bc3 Kf7 61. Kd4 Bd7 62. Kc5 Kg7 63. Kb6 Kf7 64. Kc7 Ke8 65. Bxf6 Kf7
66. e5 b2 67. e6+ Kxf6 68. exd7 b1=Q 69. d8=Q+ Ke5 70. Qe7+ Kf4 71. Qh4+ Ke5
72. Qc4 Qxf5 73. d7 Qf7 74. Qe2+ Kxd5 75. Qa2+ 1-0

[Event "Championnat des Vétérans 13"]
[Site "AUBAGNE Salle Hélios"]
[Date "2022.05.05"]
[Round "2.10"]
[White "Belaid, Myriam"]
[Black "Amoros, Jean"]
[Result "0-1"]
[WhiteElo "1199"]
[BlackElo "1437"]
[PlyCount "68"]
[EventDate "2022.??.??"]
[WhiteTeam "Cercle d'Echecs Aubagnais"]
[BlackTeam "Club d'Echecs de Meyreuil"]

1. d4 Nf6 2. Bf4 d6 3. e3 Nc6 4. c3 Bf5 5. Nf3 Qd7 6. Nbd2 O-O-O 7. Bb5 h6 8.
Nh4 Be6 9. e4 g5 10. Nhf3 gxf4 11. O-O Rg8 12. Qa4 Kb8 13. Rfe1 Bh3 14. Kf1
Bxg2+ 15. Ke2 a6 16. Bxc6 Qxc6 17. Qc2 d5 18. e5 Ne4 19. Rg1 Nxd2 20. Kxd2 e6
21. Qh7 Be7 22. Qxf7 Rde8 23. Qxf4 Bg5 24. Nxg5 hxg5 25. Qg4 Be4 26. f3 Bf5 27.
Qh5 Qb5 28. Ke1 Qxb2 29. Rxg5 Qxa1+ 30. Kf2 Qb2+ 31. Kg3 Qxc3 32. Qf7 Rxg5+ 33.
Kh4 Reg8 34. h3 Qe1# 0-1

[Event "Championnat des Vétérans 13"]
[Site "AUBAGNE Salle Hélios"]
[Date "2022.05.05"]
[Round "2.11"]
[White "Javos, Yves-Andre"]
[Black "Fousson, Jean-Louis"]
[Result "1/2-1/2"]
[WhiteElo "1432"]
[BlackElo "1199"]
[PlyCount "68"]
[EventDate "2022.??.??"]
[WhiteTeam "Puy Ste Réparade"]
[BlackTeam "L'Echiquier du Roy René"]

1. e4 Nf6 2. Nc3 d6 3. Nf3 e5 4. d4 Bg4 5. Be2 h5 6. Bg5 Be7 7. dxe5 Nfd7 8.
Bxe7 Qxe7 9. Nb5 Na6 10. exd6 Qxe4 11. dxc7 Qb4+ 12. Nc3 Nxc7 13. O-O Rd8 14.
Qc1 O-O 15. h3 Bf5 16. Ne1 Nf6 17. a4 Ne6 18. Bd3 Bxd3 19. Nxd3 Qb6 20. a5 Qc6
21. Ne2 a6 22. Ndf4 Nxf4 23. Nxf4 g6 24. c3 Ne4 25. Qe3 Rfe8 26. Qf3 Qb5 27.
Rfe1 Nd2 28. Rxe8+ Rxe8 29. Qg3 Ne4 30. Qe3 Qxb2 31. Qc1 Qxf2+ 32. Kh1 Qd2 33.
Qxd2 Nxd2 34. Nd5 Ne4 1/2-1/2

[Event "Championnat des Vétérans 13"]
[Site "AUBAGNE Salle Hélios"]
[Date "2022.05.05"]
[Round "2.12"]
[White "Pavy, Gildas"]
[Black "Lassalle, Marc"]
[Result "1-0"]
[WhiteElo "1199"]
[BlackElo "1369"]
[PlyCount "107"]
[EventDate "2022.??.??"]
[WhiteTeam "L'Echiquier du Roy René"]
[BlackTeam "L'Echiquier du Roy René"]

1. e4 d5 2. exd5 Nf6 3. d4 Bg4 4. f3 Bf5 5. Bb5+ Nbd7 6. Nc3 a6 7. Bd3 Bxd3 8.
Qxd3 Nb6 9. Nge2 Nbxd5 10. O-O e6 11. a3 c5 12. Ne4 b6 13. c3 Nh5 14. c4 Ndf6
15. g4 Nxe4 16. fxe4 Nf6 17. Bg5 Be7 18. Bxf6 Bxf6 19. Rad1 Qd7 20. Qe3 e5 21.
dxe5 Qxg4+ 22. Ng3 Bxe5 23. Kg2 Bd4 24. Qf3 Qg6 25. b3 O-O 26. Kh1 Qf6 27. Qxf6
Bxf6 28. Nh5 Bd4 29. Nf4 b5 30. Nd5 bxc4 31. bxc4 Rab8 32. Rb1 Rxb1 33. Rxb1 g5
34. Kg2 f5 35. exf5 Kf7 36. Rb7+ Kg8 37. Ne7+ Kh8 38. Kf3 Rf7 39. Rb8+ Kg7 40.
Re8 Kf6 41. Ng8+ Kg7 42. Kg4 Rf8 43. Rxf8 Kxf8 44. Nh6 a5 45. a4 Bg7 46. Kxg5
Ke7 47. Ng8+ Kf7 48. Nh6+ Kf8 49. f6 Bh8 50. h4 Ke8 51. h5 Kf8 52. Kf5 Ke8 53.
Ke6 Kf8 54. Nf7 1-0